LEADER 01018nam a2200277 u 4500 001 000000058244 003 CaOOAMICUS 005 20070226120654.0 008 010530s1956 it u000 u ita u 035 $a10890850 040 $aPUL(R)$bita 100 1 $aLanducci, Pier Carlo.$0(OLS)http://pul/name/9299 245 10$aCento problemi di fede /$cPier Carlo Landucci. 250 $a3. ed. 260 $aAssisi :$bPro Civitate Christiana,$cstampa 1956. 300 $a414 p. ;$c19 cm 500 $aComprende indici. 504 $aBibliografia in nota. 650 4$aCattolicesimo.$0(OLS)http://pul/subject/3132 650 4$aMorale.$0(OLS)http://pul/subject/5288 850 $aPUL 852 $aPUL$W1$xSL Religione 1$y3$m58 E 24$j76102$nBK-PRI$b $qStampati$B76102$CPULBib$Z2$F76102 $H $81 941 1 $a8 961 $aINV: 31540 996 $6245$aCento problemi di fede$9(OLS)http://pul/title/64791 996 $6260$aAssisi :$bPro Civitate Christiana$9(OLS)http://pul/publisher/58090 LEADER 01361nam a2200313 u 4500 001 000000047775 003 CaOOAMICUS 005 20070226114925.0 008 000202s1999 enka u000 u eng u 020 $a0860788091 035 $a10840370 040 $aEFR$bita$dPUL 041 0 $aeng$alat 100 1 $aReynolds, Roger E.$q(Roger Edward),$d1936-$0(OLS)http://pul/name/22746 245 10$aClerical ordres in the early Middle Ages :$bduties and ordination /$cRoger E. Reynolds. 260 $aAldershot :$bAshgate,$cc1999. 300 $ax, 334 p. :$bill. ;$c23 cm 490 1 $aCollected studies series ;$vCS670 500 $aRecueil d'articles parus dans divers ouvrages. 504 $aBibliographie en note. 650 0$aClergy$zEurope, Western$xHistory.$2//eng$0(OLS)http://pul/subject/20141 830 0$aCollected studies series ;$vCS670.$0(OLS)http://pul/title/72 850 $aPUL 852 $aPUL$W1$xDP2 Diritto Canonico 2$y98$mUtrCan C 11.2$j63789$nBK-PRI$b $qStampati Altre Collocazioni$B63789$CPULBib$Z2$F63789 $H88601 $81 941 1 $a10 961 $aINV: 88601 996 $6020$a0860788091$9(OLS)http://pul/number/59776 996 $6245$aClerical ordres in the early Middle Ages :$bduties and ordination$9(OLS)http://pul/title/64315 996 $6260$aAldershot :$bAshgate$9(OLS)http://pul/publisher/64512